000 00651nam a2200193Ia 4500
003 GCL
008 140319s9999 xx 000 0 ara d
040 _aGCL /
_cGCL
082 0 4 _a720
_bع.ب
100 1 _aعبدالباقى ابراهيم
245 1 0 _aبناء الفكر المعمارى والعملية التصميمية /
_cعبدالباقى ابراهيم
260 _a[S.N] :
_bمركز الدراسات التخطيطية والمعمارية ،
_c1987
300 _a120 ص
490 _a
650 0 4 _aالعمارة
650 0 4 _aالرسم المعمارى
650 0 4 _aالتصميمات المعمارية
942 _2ddc
_cBK
999 _c52584
_d52584